000
00492nam a2200181Ia 4500
008
090123s9999 xx 000 0 und d
082
_b
28385
100
_a
पै शिरीष
245
_a
रानपाखरे
250
_a
1
260
_b
मनोरमा प्रकाशन
_c
1998
300
_a
200
600
_a
पै शिरीष
630
_a
रानपाखरे
700
_a
पै शिरीष
730
_a
रानपाखरे
942
_c
BOOK
999
_c
66912
_d
66912